000 02512nam a22004577a 4500
005 20090120140526.0
008 090120t xxu||||| |||| 00| 0 eng d
010 _aB-358822
020 _a0060788216
_c250.00, $ 3.50 Rs. 179.00
020 _a9780060788216
_c250.00, $ 3.50 Rs. 179.00
020 _a9780060788216
_c250.00,
035 _aB-358822
035 _aB-335880-883
037 _bBlueberry Books
040 _adpl
_bEnglish
082 _aS
100 _aStine, R. L.
245 _aThe teacher from heck /
_cby R.L. Stine; illustrations by Trip Park
260 _aNew York
_bHarperCollins
_c2006
270 _a1350 Avenue of the America,
_bNew York
_e10019
300 _a105, 5p. :
_bill., map ;
_c21cm(Hb)
490 _aRotten School ; 8
500 _a"A Parachute Press Book."
520 _aThe Rotten School kids try to get rid of Mr. Skruloose, an extremely strict teacher.
650 _aBoarding schools
_vJuvenile fiction.
650 _aSlugs (Mollusks)
_vJuvenile fiction.
650 _aDating (Social customs)
_vJuvenile fiction.
650 _aBoarding schools
_vFiction.
650 _aSchools
_vFiction.
650 _aSlugs (Mollusks)
_vFiction.
650 _aDating (Social customs)
_vFiction.
700 _aPark, Trip
942 _2ddc
_cCH
_hS
_mSTI
999 _c21652
_d21652